banner-ar

PHYSIOLOGY OF EXERCISE FOR PHYSICAL EDICATIAN A THLELICS AND EXERCISE SCIENCE / (Record no. 11598)

MARC details
000 -الفاتح
حقل البيانات ثابتة الطول 00578nam a2200205Ia 4500
008 - عناصر البيانات ثابتة الطول - معلومات عامة
حقل البيانات ثابتة الطول 140319s9999 xx 000 0 eng d
040 ## - مصدر الفهرسة
وكالة الفهرسة الأصلية GCL /
وكالة النسخ GCL
082 04 - رقم تصنيف ديوى العشرى
رقم التصنيف 613.71
رقم المادة D P
100 1# - المدخل الرئيسى - إسم شخصى
الإسم الشخصى DEVRIES, HERBERT A
245 10 - بيان العنوان
العنوان PHYSIOLOGY OF EXERCISE FOR PHYSICAL EDICATIAN A THLELICS AND EXERCISE SCIENCE /
بيان المسئوليه,etc DEVRIES, HERBERT A
700 1# - المدخل الاضافى - اسم شخصى
الإسم الشخصى HOUSH, TERRY J
260 ## - PUBLICATION, DISTRIBUTION, ETC. (IMPRINT)
تاريخ النشر أو التوزيع 1994
300 ## - الوصف المادى
التعداد 636 P P
650 04 - المدخل الاضافى بالموضوع-مصطلح موضوعى
مصطلح موضوعي FITTNESS
650 04 - المدخل الاضافى بالموضوع-مصطلح موضوعى
مصطلح موضوعي PHYSIOLOGY
650 04 - المدخل الاضافى بالموضوع-مصطلح موضوعى
مصطلح موضوعي PHYSICAL FITNESS
650 04 - المدخل الاضافى بالموضوع-مصطلح موضوعى
مصطلح موضوعي HEALTH
942 ## - عناصر المدخل الإضافي( كوها)
مصدر التصنيف او مخطط الترفيف Dewey Decimal Classification
Koha [default] item type كتاب
260 ## - PUBLICATION, DISTRIBUTION, ETC. (IMPRINT)
-- [S.N] :
-- WCB BROWN & BENCHANARK ،
Holdings
حالة التراجع حالة الفقد حالة تلف ليس للاعارة المكان المؤقت الموقع الحالى تاريخ الاكتساب اجمالي اﻻعارات رقم الطلب الباركود تاريخ اخر مشاهدة تاريخ تفعيل السعر نوع وعاء كوها
        مكتبة القاهرة الكبرى مكتبة القاهرة الكبرى 03/26/2014   613.71\D P 22859 03/26/2014 03/26/2014 كتاب
        مكتبة القاهرة الكبرى مكتبة القاهرة الكبرى 03/26/2014   613.71\D P 22860 03/26/2014 03/26/2014 كتاب

Powered By

EGPV